000 00358 a2200169 4500
001 184199
020 _a978-85-357-0252-1
040 _cMagnum
100 _aJose, Elias
240 1 0 _aCantigas de adolescer
_lpor
245 1 0 _aCantigas de adolescer
300 _a72
362 0 _a2008
440 1 _aAtual
697 _aLITERATURA JUVENIL
942 _cBK
999 _c184199
_d184199